Začiatky moderného robotníckeho hnutia v Uhorsku (Život a dielo člena Parížskej komúny Lea Frankla)

Bibliographic Details
Main Author: Aranyossi, Magda (Author)
Other Authors: Knieža, Emil F., 1920-1990 (Translator)
Format: Book
Language:Slovak
PhysicalDescription:284, [3] s. [4] obr. príl. 8°
Published: Bratislava SVPL 1958

MARC

LEADER 00000nam a2200000 a 4500
001 vtls001157968
003 SK-MaSNL
005 20260301063236.0
008 240314s1958 xo 0 slo
035 |a SNK000100874 
040 |a SNK  |b slo  |c SNK  |e AACR2 
041 0 |a slo 
044 |a xo  |c SK 
100 1 |a Aranyossi, Magda  |4 aut  |9 378672 
245 1 0 |a Začiatky moderného robotníckeho hnutia v Uhorsku  |b (Život a dielo člena Parížskej komúny Lea Frankla)  |c Magda Aranyossi ; Prel. Emil Knieža 
260 |a Bratislava  |b SVPL  |c 1958  |e Košice  |f Pravda 
300 |a 284, [3] s.  |b [4] obr. príl.  |c 8° 
700 1 |a Knieža, Emil F.,  |d 1920-1990  |4 trl  |9 124259 
958 |a RK 
968 |d Z maď. orig. 
999 |c 623402  |d 625332 
952 |t P60, <04>, [BOOK], {604}  |a SNK  |b SNK  |y VYP  |7 0  |p 17A0337651  |o snkSD 15136 D1  |0 0  |1 0  |4 0  |d 2002-03-27  |l 0  |r 2005-01-01 00:00:00  |w 2026-02-23 
952 |t 3  |a SNK  |b SNK  |y VYP  |7 0  |p 17A0495328  |o snkSD 15136 D2  |i snkK 2117/75  |8 3  |0 0  |1 0  |2 udc  |4 0  |d 2006-01-19  |l 0  |r 2026-02-23 17:02:00  |w 2026-02-23 
952 |t 1  |a SNK  |b SNK  |y PREZ  |7 0  |p 17A0565663  |o snkSD 15136  |i snkKSP 1299/58  |8 0  |0 0  |1 0  |2 udc  |4 0  |d 2007-10-29  |l 0  |r 2025-11-28 00:00:00  |w 2026-02-23